Založenie podniku a náležitosti s tým súvisiace bakalárska práca

Salvato in:
Dettagli Bibliografici
Autore principale: Marendiak, Martin
Ente Autore: Fakulta podnikového manažmentu EU. Katedra podnikovohospodárska
Altri autori: Mikušová, Nora, 1978-
Natura: Libro
Lingua:slovacco
Pubblicazione: Bratislava 2010
Tags: Aggiungi Tag
Nessun Tag, puoi essere il primo ad aggiungerne!!

MARC

LEADER 00000nbm a2200000 4500
001 0133379
005 20161109111523.2
041 0 |a slo 
044 |a SK 
245 1 0 |a Založenie podniku a náležitosti s tým súvisiace  |b bakalárska práca  |c Martin Marendiak ; školiteľ: Nora Mikušová 
264 1 |a Bratislava  |c 2010 
300 |a 49 s. 
100 1 |a Marendiak, Martin 
700 1 |a Mikušová, Nora, 1978- 
710 2 |a Fakulta podnikového manažmentu EU. Katedra podnikovohospodárska